Agroecology the ecology of sustainable food systems

Guardat en:
Dades bibliogràfiques
Autor principal: GLIESSMAN, Stephen R.
Format: Llibre
Idioma:anglès
Publicat: : CRC Press 2015.
Etiquetes: Afegir etiqueta
Sense etiquetes, Sigues el primer a etiquetar aquest registre!

MARC

LEADER 00000nam a22000007a 4500
008 201214b ||||| |||| 00| 0 eng d
020 |a ISBN: 978-1-4398-9561-0 
100 |a GLIESSMAN, Stephen R. 
245 |a Agroecology  |b the ecology of sustainable food systems  |c Stephen R. Gliessman  |g xvii; 371p.; ill 
250 |b 3rd ed 
260 |b : CRC Press  |c 2015.  |h Boca Raton  |i 689977   |l S589.7 .G49  |m Agricultural ecology  |m Sustainable agriculture  |m Agricultural systems 
500 |a “It includes references and index” 
942 |a lcc  |c BK  |e Oagoke,M A.  |f 14/12/2020 
952 |0 0  |1 0  |2 lcc  |4 0  |6 S05897 G49  |7 0  |9 477  |a HOL  |b HOL  |c QZ  |d 2020-12-14  |l 0  |o S589.7 .G49  |p 2020-2206  |r 2020-12-14 00:00:00  |w 2020-12-14  |y BK 
999 |c 244  |d 244